| 000 | 00395nam a22001337a 4500 | ||
|---|---|---|---|
| 003 | PILC | ||
| 005 | 20150921083854.0 | ||
| 008 | 150921b xxu||||| |||| 00| 0 eng d | ||
| 050 |
_aDS 668 _b.M213 2008 |
||
| 100 | _aMaguigad, Rogelio. | ||
| 245 |
_aBrief history of the Filipino people / _bRogelio Maguigad, Estrellita Muhi. |
||
| 260 |
_aManila : _bLibro FIlipino, _c2008. |
||
| 942 |
_2lcc _cBK _kFIL |
||
| 999 |
_c288695 _d288695 |
||